000 00973nam a2200277Ia 4500
005 20220317000949.0
008 160825s9999 xx 000 0 und d
020 _a97896816484012
100 1 _aSegovia, Francisco
245 1 3 _aEl país de Jauja
_cFrancisco Segovia ; Ilustrado por Kestutis Kasparavicius
250 _a2a. edición
_b4a. reimpresión
300 _a27 páginas
_bilustraciones en color
_b23 cm
490 _aLos especiales de A la orilla del viento
650 1 4 _2LEMB
_aCuentos Infantiles
650 1 4 _2LEMB
_aLiteratura infantil
650 1 4 _2LEMB
_aComida en la literatura
650 1 4 _2LEMB
_aLibros ilustrados para niños
700 1 _aKasparavicius, Kestutis
_98628
942 _2loc
_cBKLIT
264 _aMéxico
_bFondo de Cultura Económica
_c2008
336 _atexto
_btxt
_2rdacontent
337 _asin mediación
_bn
_2rdamedia
338 _avolumen
_bnc
_2rdacarrier
040 _aCO-BoRNBP
_bspa
_erda
_cCO-BoRNBP
084 _aC SEG1
999 _c5536
_d5536